Champion du monde des rallyes - Mort Subite - Statistiques

Statistiques générales
  • Ce quiz a été pris 217 fois
  • Le résultat moyen est 9 sur 22
Answers on the Grid
Answers color-coded by a green-red scale on the quiz's grid according to % correct below.
Sandro Munari
Markku Alén
Björn Waldegård
Walter Röhrl
Ari Vatanen
Hannu Mikkola
Stig Blomqvist
Timo Salonen
Juha Kankkunen
Miki Biasion
Carlos Sainz
Didier Auriol
Colin McRae
Tommi Mäkinen
Marcus Grönholm
Richard Burns
Petter Solberg
Sébastien Loeb
Sébastien Ogier
Ott Tänak
Kalle Rovanperä
Thierry Neuville
Adrien Fourmaux
Elfyn Evans
Dani Sordo
Craig Breen
Esapekka Lappi
Jari-Matti Latvala
Mads Østberg
Kimi Raïkkonen
Michèle Mouton
Jean Ragnotti
Sam Sunderland
Stéphane Peterhansel
Marc Coma
Karl-Friedrich Capito
 
Statistiques - réponses
Réponse % Correct
Sébastien Loeb
68%
Sébastien Ogier
65%
Carlos Sainz
55%
Colin McRae
55%
Ott Tänak
53%
Petter Solberg
50%
Thierry Neuville
50%
Tommi Mäkinen
48%
Ari Vatanen
44%
Kalle Rovanperä
44%
Didier Auriol
41%
Marcus Grönholm
37%
Juha Kankkunen
35%
Richard Burns
35%
Walter Röhrl
33%
Hannu Mikkola
32%
Timo Salonen
29%
Stig Blomqvist
27%
Markku Alén
25%
Miki Biasion
23%
Björn Waldegård
22%
Sandro Munari
21%
Aucun quiz correspondant
Distribution des résultats
% des personnes avec chaque résultat
Percentile par nombre de réponses
Votre historique - résultats
Vous n’avez pas pris ce quiz